Common Knowledge Quiz - Statistics

General Stats
  • This quiz has been taken 77 times
  • The average score is 6 of 10
Answer Stats
Question Answer % Correct
What color is an orange? Orange
100%
How many inches in a foot? 12
95%
What is a group of cows called A herd
94%
If Tim is half of Harold's age when Harold is 8, how old is Tim 12 years later 16
86%
Speaking of colors, how many are in the rainbow? 7
75%
What continent does the UK NOT have colonies on? Antarctica
65%
Bananas emit or conduct all of the following except: Dark Matter
33%
If I have 4 apples, and my friend takes 2 square roots of 3/5 apples, how many apples do I have? 2.45
21%
How many islands does Indonesia have? (officially) 17,508
13%
If I file a lawsuit against my friend, what will be his sentence? 1 year
11%
No matching quizzes found
Score Distribution
Percent of People with Each Score
Percentile by Number Answered
Your Score History
You have not taken this quiz